Online
Catalog

Casa natal de Jose Marti / (Record no. 6322)

MARC details
000 -CABECERA
campo de control de longitud fija 00890cam a2200241 a 4500
001 - NÚMERO DE CONTROL
campo de control 000006531
005 - FECHA Y HORA DE LA ÚLTIMA TRANSACCIÓN
campo de control 20200929153939.0
008 - DATOS DE LONGITUD FIJA--INFORMACIÓN GENERAL
campo de control de longitud fija 930224s1987 cu abc b 000 0dspa
010 ## - NÚMERO DE CONTROL DE LA BIBLIOTECA DEL CONGRESO
Número de control de LC 90166511
040 ## - FUENTE DE LA CATALOGACIÓN
Centro catalogador/agencia de origen DO-SdBNP
Centro/agencia transcriptor DLC
Centro/agencia modificador DLC
043 ## - CÓDIGO DE ÁREA GEOGRÁFICA
Código de área geográfica nwcu---
050 04 - SIGNATURA TOPOGRÁFICA DE LA BIBLIOTECA DEL CONGRESO
Número de clasificación F1783.M38
Número de documento/Ítem C128 1987
100 1# - ENTRADA PRINCIPAL--NOMBRE DE PERSONA
Nombre de persona Caballero, Armando O.
9 (RLIN) 18130
245 10 - MENCIÓN DE TÍTULO
Título Casa natal de Jose Marti /
Mención de responsabilidad, etc. Armando O. Caballero.
260 ## - PUBLICACIÓN, DISTRIBUCIÓN, ETC.
Lugar de publicación, distribución, etc. Santiago de Cuba :
Nombre del editor, distribuidor, etc. Editorial Oriente,
Fecha de publicación, distribución, etc. 1987.
300 ## - DESCRIPCIÓN FÍSICA
Extensión 99 p. :
Otras características físicas ill. (some col.), map, ports. ;
Dimensiones 20 cm.
440 #0 - MENCIÓN DE SERIE/PUNTO DE ACCESO ADICIONAL--TÍTULO
Título Museos y monumentos
9 (RLIN) 18131
504 ## - NOTA DE BIBLIOGRAFÍA, ETC.
Nota de bibliografía, etc. Bibliography: p. 98.
600 10 - PUNTO DE ACCESO ADICIONAL DE MATERIA--NOMBRE DE PERSONA
Nombre de persona Marti, Jose,
Fechas asociadas al nombre 1853-1895
Subdivisión general Homes and haunts
Subdivisión geográfica Cuba
-- Havana.
9 (RLIN) 18132
600 10 - PUNTO DE ACCESO ADICIONAL DE MATERIA--NOMBRE DE PERSONA
Nombre de persona Marti, Jose,
Fechas asociadas al nombre 1853-1895
Subdivisión general Homes and haunts
Subdivisión geográfica Cuba
-- Havana
Subdivisión general Pictorial works.
9 (RLIN) 18133
651 #0 - PUNTO DE ACCESO ADICIONAL DE MATERIA--NOMBRE GEOGRÁFICO
Nombre geográfico Havana (Cuba{Rpara}
Subdivisión general Buildings, Structures, Etc.
9 (RLIN) 18134
910 ## - DATOS DE OPCIÓN DEL USUARIO (OCLC)
Datos de opción del usuario Catalogación por copia / LC
Holdings
Estado de retiro Estado de pérdida Restricciones de uso No para préstamo Código de colección Localización permanente Ubicación/localización actual Ubicación en estantería Fecha de adquisición Número de inventario Total de préstamos Signatura topográfica completa Código de barras Fecha visto por última vez Precio válido a partir de Tipo de ítem Koha
    Préstamo interno Préstamo restrigido Monografías: Libros y Folletos General General En encuadernación 31.08.2009 LF1   6531-10 25.06.2020 25.06.2020 Préstamo interno

Powered by Koha